LEADER 01101nam0-2200301 --450 001 9910252560203321 005 20230427183848.0 010 $a978-88-15-27119-8 100 $a20180201d2017----kmuy0itay5050 ba 101 0 $aita 102 $aIT 105 $a 001yy 200 1 $a<>società a partecipazione pubblica tra diritto dell'impresa e diritto dell'amministrazione$eincontri di studio della Scuola Nazionale dell'Amministrazione$fa cura di Fabio Cintioli e Fabiana Massa Felsani 210 $aBologna$cIl Mulino$d2017 215 $a250 p.$d24 cm 610 0 $aSocietà a partecipazione pubblica - Italia - Atti di congressi 676 $a346.066$v23$zita 700 1$aCintioli,$bFabio$0262492 701 1$aMassa Felsani,$bFabiana$0239524 801 0$aIT$bUNINA$gREICAT$2UNIMARC 901 $aBK 912 $a9910252560203321 952 $a13 CB 1082$bCP 348$fDDCP 952 $aFL COM 138$bFL-1202$fDECBC 959 $aDDCP 959 $aDECBC 996 $aSocietà a partecipazione pubblica tra diritto dell'impresa e diritto dell'amministrazione$91504115 997 $aUNINA LEADER 01594nam 2200469I 450 001 9910703641903321 005 20150415134609.0 035 $a(CKB)5470000002433293 035 $a(OCoLC)907394976 035 $a(EXLCZ)995470000002433293 100 $a20150415j201401 ua 0 101 0 $aeng 135 $aurcn||||||||| 181 $ctxt$2rdacontent 182 $cc$2rdamedia 183 $acr$2rdacarrier 200 10$aBurst testing of triaxial braided composite tubes /$fJ.A. Salem [and six others] 210 1$aCleveland, Ohio :$cNational Aeronautics and Space Administration, Glenn Research Center,$dJanuary 2014. 215 $a1 online resource (22 pages) $ccolor illustrations 225 1 $aNASA/TM ;$v2014-216615 300 $aTitle from title screen (viewed on April 15, 2015). 300 $a"January 2014." 320 $aIncludes bibliographical references (page 8). 606 $aBurst tests$2nasat 606 $aComposite structures$2nasat 606 $aBraided composites$2nasat 606 $aPipes (tubes)$2nasat 606 $aTriaxial stresses$2nasat 615 7$aBurst tests. 615 7$aComposite structures. 615 7$aBraided composites. 615 7$aPipes (tubes) 615 7$aTriaxial stresses. 700 $aSalem$b J. A.$0878352 712 02$aNASA Glenn Research Center, 712 02$aUnited States.$bNational Aeronautics and Space Administration, 801 0$bGPO 801 1$bGPO 906 $aBOOK 912 $a9910703641903321 996 $aBurst testing of triaxial braided composite tubes$93541500 997 $aUNINA